[Event "NED-ch 2019"]
[Site "Amsterdam"]
[Date "2019.07.02"]
[Round "2"]
[White "Werle, Jan"]
[Black "Van Foreest, Jorden"]
[Result "0-1"]
[WhiteElo "2553"]
[BlackElo "2601"]
[PlyCount "124"]
[EventDate "2019.07.01"]
[EventType "tourn"]
[EventRounds "7"]
[EventCountry "NED"]

1. d4 Nf6 2. c4 g6 3. g3 c6 4. Nf3 Bg7 5. Bg2 d5 6. Qb3 O-O 7. O-O a5 8. a4 Na6
9. Bd2 dxc4 10. Qxc4 Be6 11. Qc1 Rc8 12. Bh6 c5 13. Bxg7 Kxg7 14. Nc3 Qb6 15.
e3 Rfd8 16. Rd1 cxd4 17. Nxd4 Bg4 18. Rd2 Nc5 19. Ra3 Nce4 20. Rc2 Nxc3 21.
bxc3 e5 22. Ne2 Rd6 23. h3 Rcd8 24. Kh2 Rd1 25. Qb2 Qe6 26. Ra1 Qc4 27. Rxd1
Rxd1 28. Qa2 Qxa2 29. Rxa2 Be6 30. Rb2 Nd7 31. g4 Nc5 32. Rb5 b6 33. Rxb6 Rd2
34. Ng3 Rxf2 35. Rb5 Nb3 36. Ne4 Ra2 37. Kg3 Rxa4 38. g5 Rc4 39. Nd6 Rxc3 40.
Rb8 Bd7 41. Ne4 Rxe3+ 42. Kf2 Rxe4 43. Bxe4 Nc5 44. Bg2 h6 45. gxh6+ Kxh6 46.
Bd5 f5 47. h4 Kh5 48. Rg8 f4 49. Bf3+ Kh6 50. h5 gxh5 51. Rh8+ Kg7 52. Rxh5 a4
53. Bd5 Kg6 54. Rh8 e4 55. Ra8 Bg4 56. Bc4 e3+ 57. Kg1 f3 58. Re8 e2 59. Kf2
Kf5 60. Ke1 Kf4 61. Rf8+ Kg3 62. Rf7 a3 0-1

[Event "NED-ch 2019"]
[Site "Amsterdam"]
[Date "2019.07.02"]
[Round "2"]
[White "Bok, Benjamin"]
[Black "L' Ami, Erwin"]
[Result "1/2-1/2"]
[WhiteElo "2635"]
[BlackElo "2648"]
[PlyCount "25"]
[EventDate "2019.07.01"]
[EventType "tourn"]
[EventRounds "7"]
[EventCountry "NED"]

1. c4 e5 2. g3 d6 3. Bg2 f5 4. Nc3 Nf6 5. d3 Be7 6. e4 Nc6 7. Nge2 O-O 8. O-O
Qe8 9. Nd5 Bd8 10. b3 Qh5 11. Nec3 Qxd1 12. Rxd1 Nd4 13. exf5 1/2-1/2

[Event "NED-ch 2019"]
[Site "Amsterdam"]
[Date "2019.07.02"]
[Round "2"]
[White "Sokolov, Ivan"]
[Black "Van den Doel, Erik"]
[Result "1/2-1/2"]
[WhiteElo "2593"]
[BlackElo "2602"]
[PlyCount "114"]
[EventDate "2019.07.01"]
[EventType "tourn"]
[EventRounds "7"]
[EventCountry "NED"]

1. d4 d5 2. c4 c6 3. Nc3 Nf6 4. Nf3 e6 5. g3 Nbd7 6. Qd3 b6 7. Bg2 Ba6 8. b3
Bb4 9. O-O O-O 10. Rd1 Rc8 11. Bf4 Qe7 12. a3 dxc4 13. bxc4 Ba5 14. e4 Bxc3 15.
Qxc3 Nxe4 16. Qc2 Nd6 17. Ng5 Nf6 18. Be5 Rfd8 19. Bxf6 Qxf6 20. Qxh7+ Kf8 21.
Qh5 Qh6 22. Qg4 Bxc4 23. Rac1 Kg8 24. Rc3 b5 25. h4 a5 26. Re1 b4 27. axb4 axb4
28. Rc2 b3 29. Rc3 Rb8 30. Rb1 b2 31. Rc2 Bd3 32. Rbxb2 Bxc2 33. Rxc2 Nf5 34.
Rc4 Qf6 35. Ne4 Qe7 36. Ng5 Rb4 37. Qh5 Nh6 38. Rxc6 Rbxd4 39. Be4 Qf6 40. Kg2
Rd2 41. Bh7+ Kh8 42. Ne4 Rxf2+ 43. Nxf2 Kxh7 44. Ne4 Qd4 45. Ng5+ Kg8 46. Qf3
Nf5 47. Kh3 Qd7 48. Rb6 Qd5 49. Qxd5 exd5 50. g4 Nd6 51. Kg3 d4 52. Nf3 Ne4+
53. Kf4 Nf6 54. Rb3 d3 55. g5 Nh5+ 56. Ke3 Ng3 57. Rxd3 Nf5+ 1/2-1/2

[Event "NED-ch 2019"]
[Site "Amsterdam"]
[Date "2019.07.02"]
[Round "2"]
[White "Tiviakov, Sergei"]
[Black "Van Foreest, Lucas"]
[Result "1-0"]
[WhiteElo "2606"]
[BlackElo "2528"]
[PlyCount "59"]
[EventDate "2019.07.01"]
[EventType "tourn"]
[EventRounds "7"]
[EventCountry "NED"]

1. e4 c5 2. Nf3 d6 3. Bb5+ Nd7 4. d4 cxd4 5. Qxd4 a6 6. Bxd7+ Bxd7 7. c4 Nf6 8.
Bg5 e6 9. Nc3 Bc6 10. Qd3 Be7 11. O-O O-O 12. Nd4 Qa5 13. Bh4 Rfc8 14. Rac1 b5
15. cxb5 axb5 16. a3 Bd7 17. Ndxb5 Qa6 18. a4 Bxb5 19. axb5 Qa5 20. Qd4 d5 21.
exd5 Bc5 22. Qd3 Nxd5 23. Nxd5 exd5 24. Bg3 h6 25. h3 Qb4 26. Rc3 Qxb2 27. Be5
Qa2 28. Qf5 f6 29. Bd4 Qa7 30. Rfc1 1-0

[Event "NED-ch 2019"]
[Site "Amsterdam"]
[Date "2019.07.03"]
[Round "3"]
[White "L' Ami, Erwin"]
[Black "Tiviakov, Sergei"]
[Result "1/2-1/2"]
[WhiteElo "2648"]
[BlackElo "2606"]
[PlyCount "187"]
[EventDate "2019.07.01"]
[EventType "tourn"]
[EventRounds "7"]
[EventCountry "NED"]

1. d4 Nf6 2. c4 e6 3. Nf3 b6 4. g3 Bb7 5. Bg2 Be7 6. O-O O-O 7. Re1 Na6 8. a3
c6 9. e4 d5 10. e5 Ne4 11. cxd5 cxd5 12. Be3 Rc8 13. Nbd2 Nxd2 14. Qxd2 Nb8 15.
h4 Ba6 16. Ng5 Qc7 17. Rac1 Qd7 18. Bh3 Rxc1 19. Rxc1 Rc8 20. Rxc8+ Qxc8 21.
Qd1 Bxg5 22. Bxg5 Nc6 23. h5 h6 24. Be3 Ne7 25. g4 Qc4 26. Kh2 Kf8 27. Bg2 Ke8
28. Qb1 Qd3 29. Qxd3 Bxd3 30. Bf3 Nc6 31. Bd1 Kd7 32. Kg3 Na5 33. Bd2 Nc6 34.
Bc3 b5 35. Kf3 a5 36. Ke3 Bf1 37. f3 Ke7 38. Bc2 b4 39. Be1 Bb5 40. f4 bxa3 41.
bxa3 a4 42. f5 f6 43. exf6+ Kxf6 44. fxe6 Kxe6 45. Bc3 Kf6 46. Kf4 Nd8 47. Be1
Ne6+ 48. Ke3 Bd7 49. Bh4+ Kf7 50. Bg6+ Kf8 51. Bg3 Ke7 52. Be5 Bc8 53. Bd3 Ng5
54. Kf4 Bd7 55. Ba6 Bc6 56. Bc8 Kf7 57. Kf5 Ne4 58. Bf4 Nf6 59. Ke5 Ke7 60. Bd2
Nd7+ 61. Kf5 Kf7 62. Bb4 Bb5 63. Kf4 Nf6 64. Ke5 Be2 65. Be6+ Ke8 66. Kf4 Bb5
67. Bf5 Be2 68. Bd6 Kf7 69. Be5 Bd1 70. Bg6+ Ke6 71. Bf5+ Kf7 72. Bd6 Be2 73.
Bc5 Bd1 74. Bb6 Be2 75. Bd8 Bd1 76. Bxf6 Kxf6 77. Bc8 Bb3 78. Ba6 Bd1 79. Bb7
Ke6 80. Bc6 Kd6 81. Bb5 Ke6 82. Kg3 Kf6 83. Kf4 Ke6 84. g5 Bxh5 85. Bxa4 Be2
86. Bc2 Bc4 87. g6 Kd6 88. a4 Ba6 89. a5 Bb5 90. Bd1 Ke6 91. Bg4+ Kd6 92. Bf5
Ba6 93. Bc2 Bb5 94. Bf5 1/2-1/2

[Event "NED-ch 2019"]
[Site "Amsterdam"]
[Date "2019.07.05"]
[Round "5"]
[White "Van Foreest, Jorden"]
[Black "L' Ami, Erwin"]
[Result "1-0"]
[WhiteElo "2601"]
[BlackElo "2648"]
[PlyCount "149"]
[EventDate "2019.07.01"]
[EventType "tourn"]
[EventRounds "7"]
[EventCountry "NED"]

1. e4 d5 2. exd5 Qxd5 3. Nc3 Qa5 4. Bc4 Nf6 5. d3 e6 6. Nf3 c5 7. O-O Be7 8.
Bf4 O-O 9. Ne5 Nbd7 10. Qf3 Qb6 11. Rfe1 Nxe5 12. Bxe5 Bd7 13. Qg3 Bc6 14. a4
Ne8 15. a5 Qd8 16. a6 b6 17. Rad1 Bf6 18. d4 cxd4 19. Rxd4 Bxe5 20. Rxd8 Bxg3
21. Rxa8 Bxa8 22. hxg3 Nc7 23. Rd1 Bc6 24. Rd6 Be8 25. g4 h6 26. f4 g6 27. g5
hxg5 28. fxg5 Kg7 29. Ne4 Rh8 30. Kf2 Rh4 31. Ke3 Ba4 32. b3 Ne8 33. Rd8 Bc6
34. Nc3 Rg4 35. Bb5 Rg3+ 36. Kd2 Rxg2+ 37. Kc1 Bxb5 38. Nxb5 Rxg5 39. c4 Rxb5
40. cxb5 Nc7 41. Rd7 Nxb5 42. Kd2 g5 43. Kd3 g4 44. Kc4 Na3+ 45. Kb4 Nc2+ 46.
Kc3 Na3 47. Kb4 Nc2+ 48. Ka4 Ne3 49. Rxa7 Nd5 50. Ra8 Nc3+ 51. Kb4 g3 52. a7
Nd5+ 53. Kc4 g2 54. Rg8+ Kxg8 55. a8=Q+ Kh7 56. Qa1 Nf4 57. Qg1 Kg6 58. b4 Kh5
59. b5 Kg4 60. Kb3 e5 61. Kc2 Kf3 62. Kd2 Nh3 63. Qxb6 f5 64. Qe3+ Kg4 65. Qe2+
Kg3 66. Qxe5+ f4 67. Qg7+ Kh2 68. b6 f3 69. b7 f2 70. b8=Q+ Kh1 71. Qxg2+ Kxg2
72. Qb7+ Kg1 73. Qg7+ Kf1 74. Ke3 Ke1 75. Qa1# 1-0

[Event "NED-ch 2019"]
[Site "Amsterdam"]
[Date "2019.07.06"]
[Round "6"]
[White "L' Ami, Erwin"]
[Black "Van Foreest, Lucas"]
[Result "1/2-1/2"]
[WhiteElo "2648"]
[BlackElo "2528"]
[PlyCount "138"]
[EventDate "2019.07.01"]
[EventType "tourn"]
[EventRounds "7"]
[EventCountry "NED"]

1. d4 Nf6 2. c4 e6 3. Nc3 Bb4 4. e3 O-O 5. Bd3 c5 6. Nge2 d5 7. cxd5 cxd4 8.
exd4 Qxd5 9. O-O Qh5 10. Ne4 Nbd7 11. Qc2 Nxe4 12. Bxe4 Nf6 13. Bf3 Qb5 14. a3
Bd6 15. Nc3 Qa5 16. Be3 Bd7 17. g3 Qc7 18. Qb3 Bc6 19. d5 Nxd5 20. Nxd5 exd5
21. Bxd5 Bxd5 22. Qxd5 Rad8 23. Rac1 Qb8 24. Qa5 b6 25. Qb5 h6 26. a4 Rfe8 27.
Rfd1 Rc8 28. Rxc8 Rxc8 29. Qd5 Be5 30. b4 Re8 31. Kg2 Bf6 32. b5 Rd8 33. Qf3
Bg5 34. Bxg5 hxg5 35. Rd5 Qa8 36. Re5 Qxf3+ 37. Kxf3 Rd3+ 38. Re3 g4+ 39. Kf4
Rd2 40. Re7 Rxf2+ 41. Kxg4 Kh7 42. Rxa7 Kh6 43. Ra6 f5+ 44. Kh3 Kh5 45. Rxb6 g5
46. g4+ fxg4+ 47. Kg3 Rf3+ 48. Kg2 Ra3 49. Rb8 Ra2+ 50. Kg1 Ra1+ 51. Kg2 Ra2+
52. Kf1 Ra1+ 53. Ke2 g3 54. hxg3 Rxa4 55. Kd3 Kg4 56. Kc3 Kxg3 57. Rg8 g4 58.
b6 Ra3+ 59. Kc4 Ra4+ 60. Kc5 Ra5+ 61. Kc6 Ra6 62. Kb5 Rxb6+ 63. Kxb6 Kf3 64.
Kc5 g3 65. Kd4 g2 66. Kd3 Kf2 67. Rf8+ Ke1 68. Rg8 Kf2 69. Rxg2+ Kxg2 1/2-1/2

[Event "NED-ch 2019"]
[Site "Amsterdam"]
[Date "2019.07.06"]
[Round "6"]
[White "Bok, Benjamin"]
[Black "Werle, Jan"]
[Result "1-0"]
[WhiteElo "2635"]
[BlackElo "2553"]
[PlyCount "85"]
[EventDate "2019.07.01"]
[EventType "tourn"]
[EventRounds "7"]
[EventCountry "NED"]

1. Nf3 Nf6 2. c4 e6 3. Nc3 d5 4. e3 c5 5. cxd5 exd5 6. Bb5+ Nbd7 7. O-O Bd6 8.
b3 a6 9. Be2 b5 10. Bb2 O-O 11. Rc1 Nb6 12. a4 b4 13. Nb1 a5 14. d3 Ba6 15.
Nbd2 Rc8 16. Re1 Re8 17. g3 Nfd7 18. e4 Bf8 19. exd5 Nxd5 20. Bf1 Rxe1 21. Qxe1
N5b6 22. Nc4 Bb7 23. Bg2 Bd5 24. Nfd2 Bxg2 25. Kxg2 Nb8 26. Qe4 Nxc4 27. Nxc4
Nc6 28. Rd1 Qe8 29. Rd2 Qe6 30. Qxe6 fxe6 31. d4 Rd8 32. dxc5 Rxd2 33. Nxd2
Bxc5 34. Nc4 Be7 35. Be5 Bd8 36. Kf3 g6 37. Ke4 Kf8 38. Bf4 Ke8 39. Ne5 Na7 40.
Be3 Nc8 41. Bc5 Bc7 42. f4 Kd8 43. Kd4 1-0